| 000 | 00000nam##2200000za#4500 |
| 001 | 9.581036 |
| 003 | CaOODSP |
| 005 | 20210624191327 |
| 007 | cr ||||||||||| |
| 008 | 150406|2009||||xxc|||||o f|0| 0 eng|d |
| 022 | |a1701-1280 |
| 040 | |aCaOODSP|beng |
| 043 | |an-cn--- |
| 086 | 1 |aFs70-4/2009-023E-PDF |
| 110 | 1 |aCanada. |bDepartment of Fisheries and Oceans. |
| 245 | 10|aProceedings of a workshop on Canadian science and management strategies for Sea Cucumber (Cucumaria frondosa) : |h[electronic resource]|b17–18 June 2008, Bedford Institute of Oceanography, Dartmouth, Nova Scotia / |cRoss Claytor, Meeting Chair; Sherrylynn Rowe, Editor. |
| 260 | |aDartmouth - Nova Scotia : |bFisheries and Oceans Canada |cJuly 2009 (Revised: December 2010). |
| 300 | |a36p.|breferences, tables |
| 490 | 1 |aCanadian Science Advisory Secretariat proceedings series|x1701-1280|v2009/023 |
| 590 | |a14-19-Supp|b2014-11-03 |
| 830 | #0|aProceedings series (Canadian Science Advisory Secretariat)|x1701-1280|v2009/023|w(CaOODSP)9.506483 |
| 856 | 40|ahttp://publications.gc.ca|qPDF|s201 KB|uhttps://publications.gc.ca/collections/collection_2014/mpo-dfo/Fs70-4-2009-023-eng.pdf|y2009/023 |